LEADER 01078nam a2200277 i 4500 001 000000160835 003 CaOOAMICUS 005 20251201101250.0 008 070417s1986 it u000 u ita u 013 $a138198 040 $aSeMil$bita 100 0 $aBernardus : Claraevallensis,$c.$0(OLS)http://semarc/name/89153 245 10$a(Sermoni 44.-86.) /$cBernardo di di Chiaravalle. 260 $aRoma :$bVivere In,$c1986. 300 $a492 p. ;$c21 cm. 773 0 $aBernardus : Claraevallensis $tSermoni sul Cantico dei Cantici.$dRoma : Vivere In, 1986.$kTradizione e vita$g2$w()17636 850 $aSeMil 852 $aSeMil$W1$xVenegono$y1$m3H II 126$j112284$B112284$CSeMilBibl$Z2$F122919 $81 900 1 $aBernardo : di Chiaravalle. 900 1 $aSan Bernardo. 961 $aLascito: Maggi mons. Francesco 996 $6245$a(Sermoni 44.-86.)$9(OLS)http://semarc/title/143686 996 $6260$aRoma :$bVivere In$9(OLS)http://semarc/publisher/30924 LEADER 01255nam a2200241 i 4500 001 000000021199 003 CaOOAMICUS 005 20250826104705.0 008 180830s1979 xxk u000 u und u 040 $aSeMil$bita 100 1 $aTacitus, Publius Cornelius ,$c.$0(OLS)http://semarc/name/5210 245 10$aTacitus :$bin five volumes. 264 1$aCambridge, Massachusetts :$bHarvard University Press ;$aLondon :$bHeinemann,$c1979- 300 $a5 v. ;$c17 cm. 500 $aMancanti i voll.: 1-2 546 $aTesto in inglese e latino 774 0 $aTacitus, Publius Cornelius $t3: The histories.$dCambridge, Massachusetts : Harvard University Press ; London : Heinemann, 1979-$kLoeb Classical Library$w()21200 774 0 $aTacitus, Publius Cornelius $t4: The Annals.$kLoeb Classical Library$w()179154 774 0 $aTacitus, Publius Cornelius $t5: The Annals.$kLoeb Classical Library$w()179157 996 $6245$aTacitus :$bin five volumes$9(OLS)http://semarc/title/28024 996 $6264$aCambridge, Massachusetts :$bHarvard University Press$9(OLS)http://semarc/publisher/30206 996 $6264$aLondon :$bHeinemann$9(OLS)http://semarc/publisher/58753